MARKS STANDARDS HANDBOOK FOR MECHANICAL ENGINEER'S (Record no. 571106)
[ view plain ]
| 000 -LEADER | |
|---|---|
| fixed length control field | 00322nam a22001217a 4500 |
| 020 ## - INTERNATIONAL STANDARD BOOK NUMBER | |
| International Standard Book Number | 0-07-00417-X |
| 082 ## - DEWEY DECIMAL CLASSIFICATION NUMBER | |
| Classification number | 621 MAR'A |
| 100 ## - MAIN ENTRY--PERSONAL NAME | |
| Personal name | BAUMEISTER, T ,AVALLONE, E.A |
| 9 (RLIN) | 61769 |
| 245 ## - TITLE STATEMENT | |
| Title | MARKS STANDARDS HANDBOOK FOR MECHANICAL ENGINEER'S |
| 260 ## - PUBLICATION, DISTRIBUTION, ETC. | |
| Place of publication, distribution, etc. | NEWYORK |
| Name of publisher, distributor, etc. | MCGRAW HILL |
| Date of publication, distribution, etc. | 1987 |
| 300 ## - PHYSICAL DESCRIPTION | |
| Extent | XXII, 19-44P |
| 942 ## - ADDED ENTRY ELEMENTS (KOHA) | |
| Koha item type | Book |
| Withdrawn status | Lost status | Damaged status | Not for loan | Permanent Location | Current Location | Shelving location | Date acquired | Total Checkouts | Full call number | Barcode | Date last seen | Price effective from | Koha item type |
|---|---|---|---|---|---|---|---|---|---|---|---|---|---|
| College of Electrical & Mechanical Engineering (CEME) | College of Electrical & Mechanical Engineering (CEME) | General Stacks | 07/20/2017 | 621 MAR'A | CEME-25478 | 06/28/2021 | 06/28/2021 | Book |
